| 000 | 00825nam a22002657a 4500 | ||
|---|---|---|---|
| 003 | CHAP | ||
| 005 | 20220329140121.0 | ||
| 008 | 971013s1982 r 00010 d | ||
| 010 | _a47215 | ||
| 011 | _a48187 | ||
| 035 | _a52332 | ||
| 040 | _cCHAP | ||
| 082 |
_a581.69 _bV3 |
||
| 100 | 0 | 0 |
_aValois, Eliana Candeira. _9117665 |
| 245 | _aBibliografía brasileira sobre plantas tóxicas no alimentacao animal | ||
| 260 |
_aBrasilia : _bEmpresa Brasileira de Pesquisa Agropecuaria, _c1982 |
||
| 300 | _a228 p. | ||
| 590 |
_aBATCH-UPD _b10 _c20130110 _lUCH01 _h1549 |
||
| 590 |
_aCONVERSION _b10 _c20130109 _lUCH01 _h1326 |
||
| 650 | 1 | 4 |
_aPlantas venenosas para el ganado. _989093 |
| 700 | 0 |
_aCorrea, Franklin Riet. _928235 |
|
| 901 | _aBK | ||
| 942 | _cLIBRO | ||
| 949 |
_a581.69 V3 _bBC _cC _d33724000600201 _eC _h59910 _i52332 _si |
||
| 999 |
_c47215 _d47215 |
||